[Event "European Blitz-ch 2018"]
[Site "Skopje"]
[Date "2018.12.07"]
[Round "12"]
[White "Belyakov, Bogdan"]
[Black "Popov, Valerij"]
[Result "1/2-1/2"]
[WhiteElo "2459"]
[BlackElo "2532"]
[Annotator "TA"]
[PlyCount "150"]
[EventDate "2018.12.06"]
[EventType "swiss"]
[EventCountry "MKD"]

{[%evp 11,150,-81,0,0,46,27,61,76,62,58,78,23,102,46,133,0,0,0,152,155,173,171,143,152,529,6,6,0,148,-2,-2,-6,-3,-11,-3,-85,-82,-76,-86,-104,-77,-58,-39,-180,-166,-222,-213,-354,-340,-297,-266,-259,-260,-179,-39,-51,-45,-120,-81,-157,-34,-44,-14,-16,-14,-21,0,0,0,0,0,0,12,0,0,0,0,0,0,0,0,0,0,0,0,0,0,0,0,0,0,0,0,-12,-12,-12,-10,-10,-10,-10,-10,-10,-10,-10,0,0,0,0,0,0,0,0,0,0,0,0,0,0,0,0,0,0,0,0,0,0,0,0,0,0,0,0,0,0,8,0,0,0,0,0,0]} 1. e4 e6 2. d4 d5 3. Nc3 Bb4 4. a3 Bxc3+ 5. bxc3 dxe4 6. f3 {[#]} exf3 (6... c5 $1 $17 {[%mdl 512]}) 7. Nxf3 $11 {C15: French: 3 Nc3 Bb4: Unusual White 4th moves} Nd7 (7... Nf6 8. Bd3 O-O 9. O-O c5 10. Bg5 h6 11. Qe1 Nbd7 12. Qh4 c4 13. Bxc4 hxg5 14. Nxg5 Qa5 15. Rf3 Re8 16. Rh3 Kf8 17. Qh8+ Ke7 18. Qxg7 {1-0 (18) Winckelmann,T (2435)-Gutman,L (2470) Germany 1997}) 8. Bd3 {[%mdl 1024] White has compensation.} b6 9. O-O $1 {White is slightly better.} Bb7 10. Qe1 $1 Ne7 $146 ({Predecessor:} 10... Ngf6 11. a4 O-O 12. Qh4 Ne4 13. Ng5 h6 14. Bxe4 Bxe4 15. Qxe4 hxg5 {½-½ (22) Masak,R (1968)-Rastocny,J (1607) Rakovnik 2014}) 11. Bg5 (11. Qg3 $16) 11... c5 (11... h6 $11 {keeps the balance.} 12. Qh4 Rc8) 12. a4 (12. Nd2 $16) 12... Rc8 (12... h6 $14 13. Qh4 Rg8) 13. Ne5 ({White has to play} 13. Bb5 $1 $16 O-O 14. Rd1) 13... Nxe5 $1 14. Qxe5 Qd5 $2 ({Better is} 14... O-O $1 $11) 15. Bb5+ $16 Kf8 {[%csl Gb7][%cal Rd5g2]} 16. Bxe7+ $1 Kxe7 {[%csl Gb7][%cal Rd5g2]} 17. Qxg7 Rcf8 $2 (17... Qxg2+ $16 {is tougher.} 18. Qxg2 Bxg2 19. Kxg2 cxd4) 18. dxc5 $2 (18. Qf6+ $18 Kd6 19. Qf4+ e5 20. dxe5+ Kc7 21. e6+ Qd6 22. Qxd6+ Kxd6 23. exf7) 18... Qxc5+ $11 19. Kh1 {And now Rad1 would win.} Rhg8 (19... Kd8 $1 $11) 20. Qf6+ ({White must play} 20. Rxf7+ $1 $16 Rxf7 21. Qxg8) 20... Kd6 {[%csl Gg8][%cal Rb7g2,Be7d6,Bd6c7,Bc7b8][%mdl 32]} 21. Rad1+ Kc7 {[%csl Gg8][%cal Rb7g2]} 22. Rd7+ Kb8 {[%csl Gg8][%cal Rb7g2]} 23. Rg1 (23. Rf2 $11 {remains equal.}) 23... Rg6 $40 {[%mdl 128] Black wants a kill.} 24. Qf4+ e5 25. Qd2 a6 26. Bd3 f5 {[%cal Bf7f5,Bf5f4][%mdl 32]} 27. Bf1 ({White should try} 27. Rxh7 $15 Rfg8 28. Rxb7+ Kxb7 29. Bxf5) 27... Qc6 $19 28. Rxh7 {[#]} (28. Re7 $142) 28... f4 $1 ({Don't play} 28... Qxa4 29. Qe1 $17) 29. Qd7 (29. Qe2 {keeps fighting.} f3 30. Rxb7+ (30. Qxe5+ $2 Kc8 $19) 30... Qxb7 31. gxf3 Qxf3+ 32. Qxf3 Rxg1+ 33. Kxg1 Rxf3 34. Kg2) 29... Qxd7 30. Rxd7 f3 {( -> ...fxg2+)} 31. Rxb7+ Kxb7 32. gxf3 {[%mdl 4096] Endgame KRR-KRB} Rc6 ({And not} 32... Rxf3 {[#]} 33. Bxa6+ $1 {[%mdl 512]} Kxa6 34. Rxg6 $14) (32... Rxg1+ $19 33. Kxg1 Rf4) 33. Bd3 {Strongly threatening Be4.} Rxc3 34. Rg5 (34. Be4+ $15 Kc7 35. Rg7+ Kd8 36. Rg6) 34... Kc7 35. Be4 (35. Rxe5 $142 Rxf3 36. Kg2) 35... Rc5 (35... Rf6 $17 36. Rxe5 Ra3) 36. Rg7+ $1 $15 Kd6 {Hoping for ...Rc4.} 37. Rg6+ $1 {The position is equal.} Ke7 38. Rxb6 Rg8 39. Rxa6 Rc3 40. h3 Ra3 41. Kh2 Ra1 42. Rg6 (42. Bf5 {keeps more tension.} Rf8 43. Re6+ Kd8 44. Rxe5 Rxa4 45. Be4) 42... Rxg6 43. Bxg6 Rxa4 $11 {KR-KB} 44. Kg3 Kf6 45. Be4 Ra1 46. h4 Rg1+ 47. Kf2 Rh1 48. Kg3 Rg1+ 49. Kf2 Rg8 50. c4 Rc8 51. Bd5 Kf5 52. Ke3 Rh8 53. c5 Rxh4 54. c6 Rh8 55. Kd3 Kf6 {White should prevent ...Ke7.} 56. Kc4 Ke7 57. Kc5 Rc8 58. Be4 Rc7 59. Kd5 Ra7 {Threatening ...Ra5+.} 60. Kxe5 Ra5+ 61. Bd5 Rc5 62. f4 {f5 is the strong threat.} Rc1 63. f5 Re1+ 64. Be4 {Black must now prevent f6+.} Rf1 $1 65. Kd5 Rd1+ 66. Kc5 Rc1+ 67. Kd5 Rd1+ 68. Ke5 Rf1 $1 69. Bd3 Re1+ 70. Be4 Rf1 $1 71. Bd5 (71. f6+ {looks sharper.} Rxf6 72. c7 Re6+ 73. Kd5 Rd6+ 74. Kc5) 71... Re1+ 72. Be4 {aiming for f6+.} Rf1 $1 73. Kd5 Rd1+ 74. Kc5 Rc1+ 75. Kd5 Rd1+ {Precision: White = 40%, Black = 56%.} 1/2-1/2

[Event "European Blitz-ch 2018"]
[Site "Skopje"]
[Date "2018.12.07"]
[Round "12"]
[White "Jenni, Florian"]
[Black "Asik, Josip"]
[Result "0-1"]
[WhiteElo "2454"]
[BlackElo "2313"]
[Annotator "TA"]
[PlyCount "78"]
[EventDate "2018.12.06"]
[EventType "swiss"]
[EventCountry "MKD"]

{[%evp 19,78,-15,-15,-19,-14,-8,-8,-29,-29,-27,-17,-13,-5,-26,-35,-52,-31,-40,37,38,31,0,0,-95,-78,-84,-95,-99,-28,-36,0,0,0,-5,-10,-5,-8,-101,-103,-88,-88,-88,-102,-229,-247,-216,-196,-296,-226,-405,-355,-391,-297,-380,-378,-426,-74,-77,-89,-397,-398]} 1. e4 e6 2. d4 d5 3. Nc3 Bb4 4. e5 c5 5. a3 Bxc3+ 6. bxc3 Qc7 7. Nf3 Ne7 8. h4 b6 9. Bb5+ {C19: French: 3 Nc3 Bb4: Main line: 7 Nf3 and 7 a4} Bd7 10. Bd3 Ba4 {LiveBook: 48 Games} 11. Be3 {The position is equal.} (11. h5 cxd4 12. cxd4 Qc3+ 13. Bd2 Qxd3 14. cxd3 Bxd1 15. Kxd1 h6 16. Ke2 Nbc6 {0-1 (89) Caruana,F (2817)-So,W (2822) chess.com INT 2017}) 11... Nbc6 {[%cal Bb8c6,Bc6a5,Ba5c4][%mdl 32]} 12. h5 h6 13. g4 $146 ({Predecessor:} 13. Nh4 c4 14. Be2 O-O-O 15. Qd2 Rdf8 16. O-O g5 17. hxg6 Nxg6 18. Nxg6 fxg6 19. Bg4 {0-1 (35) Figlio,G (2475)-Obertin,F (2426) ICCF email 2015}) 13... Na5 14. Nd2 {[%cal Bf3d2,Bd2e4,Be4d6][%mdl 32]} cxd4 15. cxd4 Rc8 {[%cal Ra4c2]} 16. Ra2 Nc4 17. Bxc4 dxc4 18. Ne4 Bc6 ({Better is} 18... Rd8 $1 $15) 19. Nd6+ $14 Kf8 {[%cal Be8f8,Bf8e7,Be7d7][%mdl 32]} 20. O-O ({Don't play} 20. Nxc8 Bxh1 21. Nxe7 Qxe7 $17) 20... Rd8 21. f4 (21. c3 $11 {remains equal.}) 21... Rxd6 $17 22. exd6 Qxd6 23. c3 {[#]} Nd5 ({Black should play} 23... Rg8 $1 $17 {Hoping for ...g6.} 24. Kh2 Nd5) 24. Qe1 $1 $11 Ke7 25. Bc1 Kd7 26. a4 Nf6 {next ...Qd5 is good for Black.} 27. Qe5 Nxg4 28. Qxg7 {[#]} (28. Qxd6+ $1 $11 Kxd6 29. a5) 28... Qd5 $1 $36 {[%csl Gc6][%cal Rd5h1][%mdl 2560] Black is on the roll.} 29. Qxg4 Qh1+ 30. Kf2 Qh2+ 31. Ke1 (31. Ke3 $17 {was called for.} Qxa2 32. Qg7) 31... Qxa2 $19 32. f5 Re8 {( -> ...exf5+)} 33. f6 (33. Be3 $142) 33... Qc2 ({Don't take} 33... Qxa4 34. Qg7 $19) 34. Qf4 $2 (34. Bd2) 34... Qxc3+ 35. Bd2 Qd3 {aiming for ...c3.} 36. Rg1 c3 37. Bc1 Qe4+ $2 (37... Kc8 $19 {is more deadly. ...Rd8 is the strong threat.} 38. Rg3 Qc2) 38. Qxe4 $17 Bxe4 39. Bxh6 $2 {[%mdl 8192]} (39. Rg7 $17 e5 40. Rxf7+ Ke6 {[#]} 41. Re7+ $1 {[%mdl 512]} Rxe7 42. fxe7 Kxe7 43. dxe5) 39... Rh8 {Precision: White = 38%, Black = 47%.} 0-1

[Event "European Blitz-ch 2018"]
[Site "Skopje"]
[Date "2018.12.07"]
[Round "12"]
[White "Kevlishvili, Robby"]
[Black "Pershin, Denis"]
[Result "1-0"]
[WhiteElo "2451"]
[BlackElo "2400"]
[Annotator "TA"]
[PlyCount "98"]
[EventDate "2018.12.06"]
[EventType "swiss"]
[EventCountry "MKD"]

{[%evp 19,98,13,16,-31,-18,-19,-17,-56,-41,-63,-61,-62,-18,-14,-16,-28,-21,-15,-10,0,-29,-29,-30,-30,-33,-33,-37,-33,-20,-23,0,-29,0,0,19,20,39,22,23,29,39,8,31,19,36,0,57,52,100,100,311,308,272,272,295,280,509,500,500,485,393,337,443,0,0,0,397,0,0,0,0,-102,89,89,83,5,60,60,178,194,218]} 1. e4 c6 2. d4 d5 3. exd5 cxd5 4. Bd3 Nc6 5. c3 Qc7 6. Ne2 Bg4 7. O-O {B13: Caro-Kann: Exchange Variation and Panov-Botvinnik Attack} e6 8. Qe1 Nf6 (8... Bxe2 9. Qxe2 Nf6 10. Nd2 Bd6 11. g3 O-O 12. f4 a6 13. Nf3 b5 14. a3 Ne7 {½-½ (52) Le,Q (2715)-Nisipeanu,L (2661) Batumi 2018}) 9. f3 Bh5 10. Qh4 h6 {LiveBook: 4 Games} 11. Ng3 Bg6 $1 {[%cal Rg6d3]} 12. Bxg6 fxg6 13. Qh3 Kf7 14. Nd2 $146 ({Predecessor:} 14. Ne2 Bd6 {1-0 (77) Rakhmangulova,A (2234)-Gutsko,A (2177) Lvov 2015}) 14... Bd6 15. Nb3 Ne7 16. Re1 Nf5 17. Nf1 g5 18. Bd2 Rae8 19. Re2 Re7 20. Rae1 Rhe8 21. Nc1 Kg8 22. Ne3 Nxe3 23. Bxe3 e5 24. dxe5 Rxe5 25. Bd4 Rxe2 26. Rxe2 Rxe2 27. Nxe2 Qe7 {aiming for ...g4.} 28. Qc8+ Kf7 29. Kf2 b6 30. Ng3 Bxg3+ 31. hxg3 {[%cal Bh2g3,Bg3g4][%mdl 32]} Qd7 32. Qa8 Kg6 ({Better is} 32... h5 $11) 33. g4 $1 $14 Qa4 34. Bxf6 $1 Kxf6 $2 $16 {[%mdl 4096] Endgame KQ-KQ} (34... Qc2+ $16 35. Kg3 Kxf6) 35. Qf8+ $18 ({Less strong is} 35. Qxd5 Qc2+ 36. Kg3 Qb1 $14) 35... Ke6 36. Qxg7 Qxa2 37. Qxh6+ Kd7 $2 (37... Kf7 38. Qxg5 Qxb2+ 39. Kg3 Qxc3) 38. Kg3 Qxb2 39. Qg7+ ({Weaker is} 39. Qxg5 Qxc3 40. Qxd5+ Ke7 $16) 39... Kc6 40. Qf6+ Kc5 41. Qd4+ $2 (41. Qxg5 $18 Qe2 42. Qc1) 41... Kc6 $11 42. Qf6+ $2 {[%mdl 8192]} (42. Qa4+ $11 Kd6 43. Qxa7) 42... Kc5 $18 43. Qe7+ $2 (43. Qxg5 $18 {Strongly threatening Qe7+.} Qe2 44. Qc1) 43... Kc6 $11 44. Qxa7 {Black must now prevent Qa4+.} Qxc3 45. Qa8+ (45. Qe7 $11 {keeps the balance.}) 45... Kb5 $2 (45... Kc5 $17 {and life is bright.}) 46. Qxd5+ $16 {[%mdl 64] [#] Double Attack} Qc5 47. Qd7+ (47. Qxc5+ $16 bxc5 48. Kf2) 47... Ka5 (47... Ka6 $11) 48. Qd2+ $14 Ka4 {[#]} ({Black should try} 48... Kb5 $14) 49. f4 $1 $18 gxf4+ {Accuracy: White = 54%, Black = 42%.} 1-0

[Event "European Blitz-ch 2018"]
[Site "Skopje"]
[Date "2018.12.07"]
[Round "12"]
[White "Jirovsky, Milos"]
[Black "De Filomeno, Simone"]
[Result "1/2-1/2"]
[WhiteElo "2448"]
[BlackElo "2436"]
[Annotator "TA"]
[PlyCount "89"]
[EventDate "2018.12.06"]
[EventType "swiss"]
[EventCountry "MKD"]

{[%evp 14,89,14,9,39,32,28,45,29,0,0,0,0,0,0,0,0,-34,-28,-33,6,10,0,0,6,9,14,-26,-15,-68,8,8,0,8,8,8,4,2,12,3,31,0,56,-7,0,0,0,-10,0,-82,-92,-151,-52,-73,-67,-26,-44,-21,-20,-20,-25,-18,0,0,0,0,23,23,23,23,31,35,281,263,391,250,462,287]} 1. c4 Nf6 2. Nf3 g6 3. b4 d5 (3... Bg7 4. Bb2 O-O 5. e3 d6 6. Be2 e5 7. d3 e4 8. dxe4 Nxe4 9. Qc1 Nd7 10. Bxg7 Kxg7 11. Nbd2 Nxd2 12. Qxd2 a5 13. b5 b6 14. Nd4 Bb7 15. Bf3 Bxf3 16. Nxf3 {½-½ (58) Kuzubov,Y (2647)-Kokarev,D (2608) Linares 2018}) 4. cxd5 Bg7 5. Bb2 O-O 6. e3 {A15: English Opening: 1...Nf6} Nxd5 7. Bxg7 Kxg7 8. Qb3 {LiveBook: 6 Games. The position is equal.} a5 9. b5 a4 10. Qb2+ f6 $146 ({Predecessor:} 10... Kg8 11. Na3 c6 12. Be2 cxb5 13. Bxb5 Na6 {1-0 (28) Lederer,Y (2305)-Tartakovsky,D (2106) Israel 2015}) 11. Na3 e5 12. Be2 Be6 13. O-O Nd7 {[%cal Bb8d7,Bd7b6,Bb6a4][%mdl 32]} 14. Rac1 Qe7 15. Bc4 N7b6 16. Be2 g5 17. d4 e4 18. Nd2 f5 19. Nac4 a3 20. Qb1 Na4 {[#] Hoping for ...Ndc3.} 21. Qb3 (21. Bd1 $11) 21... Qb4 (21... c5 $15 22. Rfe1 cxd4 23. exd4 Nf4) 22. Qxb4 $11 Nxb4 23. Nxa3 Rf7 24. Bc4 Bxc4 25. Naxc4 {next Ne5 is good for White.} Nxa2 26. Ra1 N4c3 27. Ne5 Re7 (27... Rff8 $11) 28. g4 ({White should try} 28. f3 $1 $14) 28... f4 29. Rfe1 f3 30. h3 Ra5 31. b6 (31. Kh2 $11) 31... cxb6 $17 32. Ndc4 (32. h4 $142) 32... Rb5 (32... Ra6 $17 33. Kh2 (33. Nd6 Kg8 $17) 33... b5) 33. Nd6 Rbxe5 34. dxe5 Rxe5 35. Kh2 ({Wrong is} 35. Nxb7 $2 Rd5 $17) 35... b5 36. Nxb7 b4 {Threatens to win with ...Rd5.} 37. Nd6 b3 38. Rab1 Nxb1 39. Rxb1 $11 {[%mdl 4096] Endgame KRN-KRN} Rd5 40. Nxe4 Rb5 $1 41. Nd2 b2 42. Nc4 Rb4 $2 {[#]} ({Black should play} 42... Nc3 $14 43. Rxb2 Rxb2 44. Nxb2 Ne4) 43. Rxb2 $18 Rxc4 (43... Rxb2 $142 44. Nxb2 Nc3) 44. Rxa2 h5 $2 (44... Rc1 45. Ra7+ Kg6 46. Ra6+ Kg7) 45. Kg3 {[%mdl 32768] Accuracy: White = 47%, Black = 36%. . An unexpected result.} 1/2-1/2

[Event "European Blitz-ch 2018"]
[Site "Skopje"]
[Date "2018.12.07"]
[Round "12"]
[White "Stanojoski, Zvonko"]
[Black "Lagarde, Maxime"]
[Result "0-1"]
[WhiteElo "2447"]
[BlackElo "2616"]
[Annotator "TA"]
[PlyCount "103"]
[EventDate "2018.12.06"]
[EventType "swiss"]
[EventCountry "MKD"]

{[%evp 14,103,7,19,66,62,70,72,193,127,235,234,229,234,229,279,266,239,252,234,250,212,339,331,330,254,387,354,328,308,339,311,773,772,775,777,774,696,2059,2014,1227,282,615,0,464,120,139,127,352,161,192,0,8,7,222,205,202,189,545,553,29984,29985,29992,29991,29993,1272,29992,29993,29993,0,1016,0,29993,40,29990,29989,29991,29978,29992,279,29990,0,0,0,0,0,0,0,0,0,0,0]} 1. e4 c5 2. Nc3 Nc6 3. Bb5 Nd4 4. Nf3 Nxb5 5. Nxb5 a6 (5... d6 6. d4 Nf6 7. Qd3 a6 8. Nc3 cxd4 9. Nxd4 e5 10. Nf5 Bxf5 11. exf5 h6 12. Bd2 Be7 13. O-O-O O-O 14. g4 {1-0 (38) Rapport,R (2719)-Nihal,S (2556) Abu Dhabi 2018}) 6. Nc3 {B23: Closed Sicilian: Lines without g3} b5 7. d4 cxd4 8. Qxd4 {LiveBook: 3 Games} Bb7 9. a4 {Threatens to win with 0-0.} bxa4 10. O-O d6 (10... e6 $16) 11. Nd5 (11. Rd1 $18) 11... Nf6 (11... Bc6 $16) 12. Qxa4+ $18 Nd7 {intending ...e6.} 13. Be3 {And now Bb6 would win.} Bxd5 14. exd5 g6 $146 15. Bd4 Rg8 16. Rfe1 Bg7 17. Re2 Bxd4 (17... Kf8 {was called for.} 18. Rae1 Bf6) 18. Nxd4 (18. Qxd4 f6 $18) 18... Kf8 19. Rae1 {Black must now prevent Nc6.} Nb6 (19... Ne5 {is a better defense.} 20. f4 Ng4 21. Rxe7 Qxe7 22. Rxe7 Kxe7) 20. Qb3 Nc8 21. Nc6 Qb6 22. Qf3 {[%cal Rc6e7]} ({Less strong is} 22. Nxe7 Qxb3 23. cxb3 Nxe7 $16) 22... Qxb2 $2 (22... Qc7 23. c4 Qd7) 23. Nxe7 Nxe7 24. Rxe7 {[%csl Gf3][%cal Re7f7]} Rg7 25. Qe3 Qb5 {[#]} 26. c4 $1 {[%mdl 512]} Qa4 (26... Qxc4 27. Re8+) 27. Rc7 $2 (27. c5 {Threatening mate with c6.} g5 28. c6) 27... Kg8 $2 (27... Re8 28. Re7 Ra8) 28. Re7 $2 (28. c5 $18) 28... h5 $2 {[%mdl 8192]} (28... Kf8 $1 $11 29. c5 dxc5) 29. Qe4 $2 $40 {[%mdl 128] White is out for blood.} (29. c5 $18 {and the rest is easy.}) 29... Kh7 30. h4 Qb3 $2 {[#]} (30... a5 $16) 31. Qd4 (31. c5 $142 $1 {[%mdl 512]}) 31... a5 32. g4 $2 (32. Qf6 $18 Qb4 33. R1e6) 32... Qf3 33. g5 {White wants to play Rd7.} Qg4+ $2 (33... a4 $1 $11) 34. Qxg4 hxg4 {[%mdl 4096] Endgame KRR-KRR} 35. Rd7 Ra6 $2 (35... a4 36. Rxd6 a3) 36. Re8 {White threatens Rdd8 and mate.} f5 {[#]} 37. Rdd8 $1 {[%csl Gd8][%cal Re8h8]} Rb7 38. Rh8+ Kg7 39. Rdg8+ Kf7 40. Rc8 {[%cal Rh8h7]} Kg7 41. Rcg8+ (41. Rh6 $142 Rb1+ 42. Kg2 Rb8 43. Rxb8 Ra8 44. Rxa8 f4 45. Rah8 f3+ 46. Kg3 Kf7 47. R6h7#) 41... Kf7 42. Rc8 (42. Rf8+ $18 Kg7 43. Rfg8+) 42... Kg7 43. Ra8 $2 (43. Rh6 Ra8 44. Rxa8 f4 45. Rah8 Rb1+ 46. Kg2 f3+ 47. Kg3 Rg1+ 48. Kf4 Rh1 49. R6h7#) 43... Raa7 $2 {[%mdl 8192]} (43... Rxa8 $14 44. Rxa8 Rb4) 44. Rag8+ Kf7 45. Rd8 {[%cal Rh8h7]} Kg7 46. Rhe8 $2 (46. Rh6 f4 47. Rxd6 Kg8 48. Rd8+ Kg7 49. Rdh8 Rb1+ 50. Kh2 g3+ 51. Kh3 Rh1+ 52. Kg4 Rxh4+ 53. Rxh4 gxf2 54. R4h7#) 46... a4 $2 (46... g3 $18 47. fxg3 (47. Rxd6 a4 $11) 47... Ra6) 47. Rxd6 $2 (47. Rg8+ {mates} Kh7 48. Rh8+ Kg7 49. Rh6 Rb1+ 50. Kg2 Rg1+ 51. Kxg1 Re7 52. Rdh8 Re1+ 53. Kg2 Rg1+ 54. Kxg1 Kf7 55. R6h7#) 47... a3 $11 {The position is equal.} 48. Rdd8 $1 ({Don't go for} 48. Ree6 $2 a2 $19) 48... a2 49. Rg8+ Kf7 (49... Kh7 $5 50. Rh8+ $8 Kg7 51. Rhg8+ Kh7 52. Rh8+ Kg7 53. Rhg8+ $11) 50. Rgf8+ Kg7 51. Rg8+ Kf7 (51... Kh7 $5 52. Rh8+ $8 Kg7 53. Rhg8+ $11) 52. Rgf8+ {[%mdl 32768] Precision: White = 53%, Black = 23%. . Loss on Time!?} 0-1

[Event "European Blitz-ch 2018"]
[Site "Skopje"]
[Date "2018.12.07"]
[Round "12"]
[White "Markoja, Boris"]
[Black "Erdos, Viktor"]
[Result "1/2-1/2"]
[WhiteElo "2430"]
[BlackElo "2605"]
[Annotator "TA"]
[PlyCount "33"]
[EventDate "2018.12.06"]
[EventType "swiss"]
[EventCountry "MKD"]

{[%evp 18,33,18,20,33,25,41,10,11,8,10,15,9,9,14,21,13,12]} 1. d4 Nf6 2. c4 g6 3. g3 d5 4. cxd5 c6 5. Bg2 cxd5 6. Nf3 Bg7 7. O-O O-O 8. Nc3 e6 9. b3 Bd7 {D79: Fianchetto Grünfeld: Symmetrical Variation (6 0-0 c6 7 cxd5 cxd5)} 10. Ne5 {LiveBook: 3 Games} Qa5 $146 ({Predecessor:} 10... Bc6 11. e3 Nfd7 12. Nd3 a5 13. Rb1 Na6 14. a3 Qe7 15. Qe2 Rfc8 16. Rd1 Nc7 17. Nf4 {½-½ (36) Gabuzyan,H (2614)-Stupak,K (2555) Yerevan 2016}) 11. Qd2 {Threatens to win with Nxd5.} Nc6 {White has an edge.} 12. Nxc6 (12. Nxd5 $5 Nxd5 13. Qxa5 (13. Nxd7 Qxd2 14. Bxd2 Rfd8 $15) 13... Nxa5 14. Nxd7 Bxd4 15. Nxf8 Bxa1 16. Bxd5 exd5 17. Bd2 Rxf8 18. Rxa1 $14) 12... Bxc6 {The position is equal.} 13. Nxd5 Qxd2 14. Nxf6+ $1 Bxf6 15. Bxd2 Bxg2 16. Kxg2 Bxd4 17. Rac1 1/2-1/2

[Event "European Blitz-ch 2018"]
[Site "Skopje"]
[Date "2018.12.07"]
[Round "12"]
[White "Saveliev, Alexei"]
[Black "Jovanovic, Zoran"]
[Result "0-1"]
[WhiteElo "2360"]
[BlackElo "2518"]
[Annotator "TA"]
[PlyCount "52"]
[EventDate "2018.12.06"]
[EventType "swiss"]
[EventCountry "MKD"]

{[%evp 15,52,0,0,0,0,0,0,0,0,0,9,0,0,0,0,0,-4,-23,0,0,-2,-4,-12,-7,-8,-18,-18,-43,-44,-68,0,0,0,0,0,-9,-10,-27,-20]} 1. e4 d6 2. d4 Nf6 3. Nc3 e5 4. Nf3 Nbd7 5. Bc4 Be7 6. O-O Nb6 {C41: Philidor Defence} (6... O-O 7. Re1 c6 8. a4 a5 9. h3 Re8 10. Ba2 Bf8 11. Be3 Qc7 12. Ng5 Re7 13. f4 b6 14. fxe5 dxe5 15. d5 cxd5 16. exd5 {1-0 (16) Wang,H (2709)-Ivanchuk,V (2726) Huaian 2017}) 7. Bb3 exd4 8. Nxd4 c5 {LiveBook: 5 Games. The position is equal.} 9. Nf5 Bxf5 $1 10. exf5 c4 11. Ba4+ $1 Nxa4 12. Nxa4 d5 13. Be3 $146 ({Predecessor:} 13. g4 O-O 14. Be3 {½-½ (64) Lovric,R (2040)-Milosevic,J (2081) Belgrade 2016}) 13... Qd7 14. Nc3 Qxf5 15. Re1 {[#] And now Bc5 would win.} O-O 16. Bd4 Rfe8 $36 {[%mdl 2048] Black has some pressure.} 17. Re5 Qg6 18. Nxd5 Nxd5 19. Rxd5 Rad8 20. Bc3 Bf6 21. Bxf6 Qxf6 22. c3 Qb6 ({Better is} 22... Rxd5 $15 23. Qxd5 Re2) 23. Rxd8 $11 Rxd8 24. Qe2 Qe6 25. Qf3 Qd5 26. Qg4 Qd2 {[%mdl 32768] Accuracy: White = 50%, Black = 77%. . Loss on time!?} 0-1

[Event "European Blitz-ch 2018"]
[Site "Skopje"]
[Date "2018.12.07"]
[Round "12"]
[White "Maier, Christian"]
[Black "Cheparinov, Ivan"]
[Result "1/2-1/2"]
[WhiteElo "2340"]
[BlackElo "2709"]
[Annotator "TA"]
[PlyCount "95"]
[EventDate "2018.12.06"]
[EventType "swiss"]
[EventCountry "MKD"]

{[%evp 16,95,4,8,19,11,44,-77,0,0,0,-3,27,27,29,29,27,18,19,10,7,0,9,0,20,0,10,10,8,0,22,-19,-19,-19,-27,-33,-27,-38,-20,-27,-11,-58,-20,-20,-21,-36,-24,-26,0,-35,-33,-46,-25,-25,-29,-74,-33,-33,-35,-29,-25,-100,-91,-166,-156,-154,-140,-155,-135,-137,-135,-147,-139,-137,-135,-163,-154,-310,-158,-162,-155,-213]} 1. e4 c6 2. d4 d5 3. Nc3 dxe4 4. Nxe4 Nf6 5. Nxf6+ exf6 6. g3 Bd6 {B15: Caro-Kann: 3 Nc3: 3...g6 and 3...dxe4 4 Nxe4 Nf6 5 Nxf6+ exf6} 7. Bg2 O-O 8. Ne2 Re8 (8... Bg4 9. O-O Re8 10. Re1 Na6 11. a3 Nc7 12. Qd3 Qd7 13. Bd2 Bf5 14. Qb3 Ne6 15. Be3 Ng5 16. Nf4 Be4 17. Bxe4 Rxe4 18. Kg2 Rae8 19. Rf1 Bxf4 20. Bxf4 Qh3+ 21. Kh1 Rxf4 {0-1 (21) Montoliu Cervero,F (2346)-Salgado Lopez,I (2651) Linares 2016}) 9. O-O {LiveBook: 3 Games} Nd7 10. Bf4 $146 ({Predecessor:} 10. c4 Nf8 11. Nc3 Bd7 12. Be3 Ng6 13. c5 Bf8 14. Qd2 {½-½ (71) Dzevlan,M (2330)-Ekstroem,R (2390) Banja Luka 1987}) 10... Nf8 11. Re1 {[#]} (11. d5 $14 {keeps the upper hand.}) 11... Bg4 (11... Bxf4 $1 $17 12. Nxf4 Rxe1+ 13. Qxe1 Qxd4) 12. Bxd6 $11 Qxd6 13. c3 Qe7 14. Qd2 Ng6 15. Nf4 Qd6 16. Nxg6 hxg6 17. h3 Be6 18. Re3 a5 19. Rae1 Rad8 20. Qc2 Kf8 21. Qa4 Ra8 22. a3 g5 23. Qc2 {Threatens to win with Qh7.} g6 24. Qe2 Kg7 25. Qc2 Rh8 26. g4 Rhe8 27. Qe2 b5 28. Be4 Bc4 29. Qf3 Rac8 30. Bc2 Bd5 31. Be4 Bc4 32. Bc2 Rxe3 33. Rxe3 b4 34. axb4 axb4 35. Qd1 Ra8 36. b3 Be6 37. c4 Rd8 38. Be4 {[#]} (38. Rf3 $11) 38... f5 $1 $17 {[%cal Rf5e4]} 39. Bf3 (39. Bc2 $17 {was called for.}) 39... Qxd4 $19 40. Qxd4+ Rxd4 41. Bxc6 fxg4 42. hxg4 Rxg4+ {[%mdl 4096] Endgame KRB-KRB} 43. Kf1 Rd4 44. Ke2 Kf6 45. Rg3 g4 46. Ke3 $2 (46. Re3 $17 {was worth a try.}) 46... Rd1 (46... Ke5 $19 {aiming for ...f5.} 47. Ke2 f5 48. Re3+ Kd6) 47. Ke2 $17 Rb1 48. Ba4 {Accuracy: White = 32%, Black = 34%.} (48. Re3 $17) 1/2-1/2

[Event "European Blitz-ch 2018"]
[Site "Skopje"]
[Date "2018.12.07"]
[Round "12"]
[White "Papakonstantinou, Dimitrios"]
[Black "Dragnev, Valentin"]
[Result "0-1"]
[WhiteElo "2308"]
[BlackElo "2483"]
[Annotator "RC"]
[PlyCount "36"]
[EventDate "2018.12.06"]
[EventType "swiss"]
[EventCountry "MKD"]
[TimeControl "180+2"]

1. e4 {[%emt 0:00:00]} e5 {[%emt 0:00:00]} 2. Nf3 {[%emt 0:00:00]} d6 {[%emt 0:00:00]} 3. d4 {[%emt 0:00:04]} exd4 {[%emt 0:00:00]} 4. Nxd4 {[%emt 0:00:02]} Nf6 {[%emt 0:00:01]} 5. Nc3 {[%emt 0:00:01]} Be7 {[%emt 0:00:04]} 6. g3 {[%emt 0:00:04]} O-O {[%emt 0:00:03]} 7. Bg2 {[%emt 0:00:01]} Bg4 {[%emt 0:00:06]} 8. f3 {[%emt 0:00:09]} Bd7 {[%emt 0:00:02]} 9. Be3 {[%emt 0:00:01]} Nc6 {[%emt 0:00:01]} 10. O-O {[%emt 0:00:03]} Re8 {[%emt 0:00:01]} 11. Qd2 {[%emt 0:00:04]} a6 {[%emt 0:00:09]} 12. Rae1 {[%emt 0:00:03]} Ne5 {[%emt 0:00:07]} 13. b3 {[%emt 0:00:01]} c5 {[%emt 0:00:06]} 14. Nde2 {[%emt 0:00:02]} Bc6 {[%emt 0:00:05]} 15. Nf4 {[%emt 0:00:02]} Bf8 {[%emt 0:00:14]} 16. Nfd5 {[%emt 0:00:05]} Nxd5 {[%emt 0:00:06]} 17. Nxd5 {[%emt 0:00:01]} b5 {[%emt 0:00:08]} 18. Rd1 {[%emt 0:00:04]} Ra7 {[%emt 0:00:16]} 0-1